Science Quiz

Random Science or Computer Quiz

What's It Stand For? (Computer Acronyms) Quiz Stats

Quiz Updated Jun 30, 2014

Challenge
Share
Tweet
Embed
Score 0/132 Timer 08:00
0 Plays Today
Hint Answer % Correct
JITIn
89%
LIFOIn
89%
WWWWorld
88.6%
WWWWide
88.6%
WWWWeb
88.5%
COBOLLanguage
78.1%
HTMLLanguage
78.1%
XMLLanguage
78.1%
OOMMemory
77%
ROMMemory
77%
bpsper
76.4%
LANNetwork
76.2%
bpssecond
75.3%
USBUniversal
74.8%
BSoDof
74.4%
DoSof
74.4%
OOMOf
74.4%
USBBus
74.1%
HTMLHyperText
73.2%
HTTPHyperText
73.2%
PHPHypertext
73.2%
FTPProtocol
72.7%
HTTPProtocol
72.7%
APIInterface
71.7%
CLIInterface
71.7%
GUIInterface
71.7%
LANLocal
70.8%
BIOSSystem
70.5%
bpsbits
70.2%
LANArea
68.9%
LIFOOut
66.3%
OOMOut
66.3%
FTPTransfer
65.6%
HTTPTransfer
65.6%
GUIUser
65.1%
FTPFile
63.4%
USBSerial
61%
ROMRead
59.7%
GUIGraphical
59.6%
ROMOnly
59.4%
HTMLMarkup
58.8%
XMLMarkup
58.8%
COBOLBusiness-
57.3%
IBMBusiness
57.3%
Hint Answer % Correct
IBMInternational
56.2%
IBMMachines
52.1%
GIFGraphics
49.5%
DoSService
45.4%
LIFOFirst
45%
LIFOLast
44.7%
IRCInternet
43.9%
GIFFormat
43.8%
JDKJava
43.6%
APIProgramming
43.5%
OOPProgramming
43.5%
JITJust
42.4%
JITTime
42.4%
SSLSecure
40.5%
COBOLOriented
39.8%
OOPOriented
39.8%
DOMObject
39.4%
JSONObject
39.4%
OOPObject-
39.4%
RISCComputer
38.9%
DoSDenial
38.9%
BIOSBasic
38.5%
BSoDScreen
38.3%
BSoDBlue
38.2%
BSoDDeath
38.1%
IRCChat
37.4%
BIOSInput
37%
IDEDevelopment
37%
JDKDevelopment
37%
BIOSOutput
36.5%
IRCRelay
35.9%
CLILine
35.2%
CRLFLine
35.2%
URLResource
34.1%
URLLocator
34%
JDKKit
33.8%
APIApplication
32.3%
AjaxJavaScript
31.7%
JSONJavaScript
31.7%
GIFInterchange
28.5%
URLUniform
28.1%
IDEEnvironment
27.9%
SSLLayer
27.7%
Ajaxand
27.4%
Hint Answer % Correct
SSLSocket
27.2%
IDEIntegrated
27.2%
GNUNot
26%
CLICommand
25.4%
JPEGJoint
23.6%
JPEGGroup
23%
GNUUnix!
22.2%
RAIDDisks
22.1%
RAIDArray (of)
21.9%
DOMModel
21.5%
HMACCode
20.3%
AjaxXML
20%
JPEGPhotographic
19%
PGPGood
19%
XMLeXtensible
19%
DOMDocument
18.9%
RAIDRedundant
18.6%
COBOLCommon
18.3%
RAIDInexpensive
18.3%
CRLFFeeds
18.3%
PGPPretty
18.2%
CRLFReturn
18.1%
PGPPrivacy
17.9%
AjaxAsynchronous
17.5%
CRLFCarriage
17%
GNUGNU's
16.8%
JPEGExperts
16.5%
RISCInstruction
16.1%
RISCSet
15.6%
JSONNotation
15.4%
RISCReduced
14.9%
HMACMessage
13.6%
YACCAnother
13%
YACCYet
12.9%
HMACAuthentication
12.6%
HMACHash
12.4%
YACCCompiler
12.2%
YACCCompiler
12.2%
PHPPHP:
11.7%
PHPPreprocessor
9.5%
WORAWrite
8.6%
WORAonce,
7.4%
WORArun
6.8%
WORAanywhere
6.1%

You're not logged in!

Compare scores with friends on all Sporcle quizzes.
Join for Free
OR
Log In

You Might Also Like...

Show Comments

Extras

Top Quizzes Today


Score Distribution

Your Account Isn't Verified!

In order to create a playlist on Sporcle, you need to verify the email address you used during registration. Go to your Sporcle Settings to finish the process.

Report this User

Report this user for behavior that violates our Community Guidelines.

Details: